Mechanical behavior of materials / (Record no. 11489)
[ view plain ]
| 000 -LEADER | |
|---|---|
| fixed length control field | 00848nac a22001931u 4500 |
| 008 - FIXED-LENGTH DATA ELEMENTS--GENERAL INFORMATION | |
| fixed length control field | 090504t xxu||||| |||| 00| 0 eng d |
| 010 ## - LIBRARY OF CONGRESS CONTROL NUMBER | |
| LC control number | 98022454 |
| 020 ## - INTERNATIONAL STANDARD BOOK NUMBER | |
| International Standard Book Number | 9780521866750 |
| 082 00 - DEWEY DECIMAL CLASSIFICATION NUMBER | |
| Classification number | 620.112 |
| Item number | MEY |
| 100 ## - MAIN ENTRY--PERSONAL NAME | |
| Personal name | Meyers, Marc A. |
| 9 (RLIN) | 4560 |
| 245 10 - TITLE STATEMENT | |
| Title | Mechanical behavior of materials / |
| Statement of responsibility, etc | Marc Andre Meyers, Krishan Kumar Chawla. |
| 260 ## - PUBLICATION, DISTRIBUTION, ETC. (IMPRINT) | |
| Place of publication, distribution, etc | New York : |
| Name of publisher, distributor, etc | Cambridge University press , |
| Date of publication, distribution, etc | c2009. |
| 300 ## - PHYSICAL DESCRIPTION | |
| Extent | xxii, 856 p.: |
| Other physical details | ill. ; |
| Dimensions | 27 cm. |
| 504 ## - BIBLIOGRAPHY, ETC. NOTE | |
| Bibliography, etc | Includes bibliographical references and index. |
| 650 #0 - SUBJECT ADDED ENTRY--TOPICAL TERM | |
| Topical term or geographic name as entry element | Strength of materials. |
| 9 (RLIN) | 4561 |
| 700 1# - ADDED ENTRY--PERSONAL NAME | |
| Personal name | Chawla, Krishan Kumar |
| Dates associated with a name | 1942- |
| 9 (RLIN) | 4562 |
| 942 ## - ADDED ENTRY ELEMENTS (KOHA) | |
| Item type | Book - Borrowing |
| Call number prefix | 620.112MEY |
| Source of classification or shelving scheme | Dewey Decimal Classification |
| Withdrawn status | Item status | Source of classification or shelving scheme | Damaged status | Not for loan | Vendor | Home library | Current library | Shelving location | Date acquired | Source of acquisition | Cost, normal purchase price | Serial Enumeration / chronology | Total Checkouts | Total Renewals | Full call number | Barcode | Date last seen | Date last borrowed | Koha item type |
|---|---|---|---|---|---|---|---|---|---|---|---|---|---|---|---|---|---|---|---|
| Dewey Decimal Classification | Alahram | Central Library | Central Library | First floor | 04/05/2009 | 491.00 | 360 | 6 | 8 | 620.112 MEY | 000015577 | 15/07/2025 | 30/10/2017 | Book - Borrowing |